000 00594nam a22001817a 4500
005 20230911122847.0
010 _aENG-137795
020 _c500.00
_a9789351480983
035 _aEN-121327
037 _bChristian World Imprints
082 _a265.92
100 _aJose,Fabian
_956201
245 _aRenewed Vision for Consecrated Life:
_bMystics,Prophets and Jesus Chirst/
_cby Swami Gokulnanda
260 _aNew Delhi
_bChristian World Imprints
_c2016
270 _aH-12 Bali Nagar,
_bNew Delhi-110015
300 _a134p.
_c22cm(pbk)
_bIndex
942 _2ddc
_cEN
_mJOS
_h265.92
999 _c197118
_d197118